| 000 | 00692nam a2200217 i 4500 | ||
|---|---|---|---|
| 001 | 24393 | ||
| 003 | ES-MaACL | ||
| 005 | 20240516144024.0 | ||
| 007 | t| | ||
| 008 | 021217s1956 sp ||||1| spa d | ||
| 245 | 0 | 0 |
_aAntología de cuentistas hispanoamericanos / _cselección, prólogo, biografías y notas críticas por José Sanz y Díaz. |
| 250 | _a2ª ed. | ||
| 260 |
_aMadrid : _bAguilar, _c1956 ( _fOgrama) |
||
| 300 |
_a946 p., 1 lám. ; _c12 cm. |
||
| 490 | 1 |
_aCrisol ; _v152 |
|
| 650 | 4 |
_aCuentos hispanoamericanos. _9170390 |
|
| 700 | 0 |
_aSanz y Díaz, José, _d1907-1988 _9103694 |
|
| 830 | 1 |
_aCrisol ; _v152 _9180848 |
|
| 852 |
_aES-MaACL _jC-8073 |
||
| 999 |
_c24393 _d24393 |
||